Statistics for nsd 2020 releases quiz

Click here to take the quiz!

General Stats

  • This quiz has been taken 4 times
  • The average score is 56 of 76

Answer Stats

HintAnswer% Correct
Crescent Moon / G-Notic / Bad Dreams / Sleep Walking / Normalize / Derma Crush / Identity Theft / Voltage Disk / Starbow Break / Radio Wave 3-46Akeos
100%
Stogned / Get It / Glass Planet / vibevibevibe / Thunder Stomp / Close My Eyes / Dead Horse (Just A Beat) / Cracc Rocc / UGHH / Covid Cutz / IntagalacticAweminus
100%
Computer MilkBLVNKSPVCE
100%
StupidCripplingg
100%
RecallCyclops
100%
Mumbai Madness / Host / Zap / Play It Back Again / Art Hillary / IG KnightDr. Ozi
100%
Cheese / Chunky / Beef / Back Scratcher / Spin Cycle / Rewind / OnionEffin
100%
Wrong Turn / Lose Your Mind / Outer Space / Frequency Shifter / ReloadGraphyt
100%
Boingo 2 / Dirty Talk / UJ / Haze / Killjoy / Static / Vonzo / Salt Smash / Doozy / Sad Socks / Encrypt / Good JokeHukae
100%
Migraine (Remix) / Chainshot / Rock A PartyJoeB
100%
Drop Dead / Vonzo / Aquila / Voltage DiskJOOL
100%
Valley Of Death / The Nuke / Cheesecake / Astral / Broken (Remix) / Back N' ForthKILL FEED
100%
EMUUKnoir
100%
Bussback / Squeeky Clean (Remix) / System Failure / Chunky / Consequences / Blind Sound / Feel It All / Tied UpKompany
100%
Chipiez DeeperLanki
100%
Adore / Ode To Perth / Neo Gangsta / Sick Buddies / Chipiez Deeper / Flinch / Hive Bounce VIPLeotrix
100%
FlairMomma Kismet
100%
Flair / Adore / Convulsion Therapy / They Changed / Self-Expression / DuplexMoore Kismet
100%
NERVE DAMAGE / DON'T EVEN BOTHER / HELLBURSTMUST DIE!
100%
Walls Cave In / Frequency Simulation / SwitchbackNAZAAR
100%
UJ / G-Notic / Watating / Poopo / Normalize / No Faces / SpacewalkNeonix
100%
Absolute Zero / Connected / Shibui / Red TurbulenceNitepunk
100%
Flex / Riddim Love Song / Optical Illusions / Too Clever / Phantasm / Migraine / Migraine VIP / Vauxhall Tearout / Disassociation / DisgraceOddprophet
100%
Close CombatPhiso
100%
Fxckitup / Frequency ShifterPIERCE
100%
Insane / Turbo KidRay Volpe
100%
40 Cal / Common CourtesyRico Act
100%
Nothing Left To Love / Mal De AmorSEED
100%
Walls Cave In / System Failure / Mumbai Madness / Common Courtesy / BeirutSoltan
100%
Sheriff / Ramune Drink Woi / Sunshine / Identity Theft / YakisobaSyzy
100%
RuckusTrampa
100%
Acid Love / I Wanna PartyTrinergy
100%
Malfunction / Recall / Meltdown / Stupid / Jerk Off / Gandu / DysfunctionVeer
100%
Mal De AmorWhales
100%
BussbackWooli
100%
Alien X / Ravedash / Bring It / Ambush / Broken (Remix) / Evolved / Blunt Force / Automatic / MK5 Missile / Bruise UpBadKlaat
75%
Slug / ApexGuillotine
75%
Shake It / Triumph / 40 Cal / Illegal Parties / Diamond ChainHairitage
75%
Dead Space / X AE A-12 / Distortion / Fxckitup / Alien CallIVORY
75%
Shadow Dance / Amputate / Fight / SlugJiqui
75%
SIXTYSIXTY (Remix)Kill The Noise
75%
Brute Force / Crack / Manifesto / Team Takedown / Root Kit Vol. 1 / Resurrection / Code ExecutionKrimer
75%
The Invasion / FacetimeLAXX
75%
RuckusMARAUDA
75%
Jabber Jaw / Inferno / DNA / Drop Dead / Dumpster Song / Half Breed VIP / Hunter / Hearing Shit / Samurai / Fight Me / Existential / Leave Me AloneMegalodon
75%
King Of The Deep VIP / Mudmen! VIP / Psychosis VIP / Rat Jazz VIP / Shrapnel VIPMidnight Tyrannosaurus
75%
Nothing Left To LoveNemesy
75%
X AE A-12 / Broken (Remix)SampliFire
75%
They Changedsnowcloak
75%
Stupid-O / Raise Ur Hands / Bass Goes Boom / Dojo / Robot Song / Taking Back / Bomb / Team TakedownSpag Heddy
75%
DON'T EVEN BOTHERThe Pom-Poms
75%
ShiverTRVCY
75%
DuplexVoltra
75%
Throne / R U Ready / Whatchyu Gonna Do / On & On / Shake ItCarbin
50%
Error Bass / Cobra / Spectral Vision / Malware VIP VIPCromatik
50%
ReloadDiskirz
50%
Insanefknsyd
50%
Abyss / Rubber Band Money / Let You GoGladez
50%
Data TransferHekler
50%
Wook Zone / Toxicity / MiseryL.U.X
50%
ANTI-ACID (Remix)TYNAN
50%
WUTUBUR
50%
BattlefieldsZomboy
50%
Right HereBadjokes
25%
R U ReadyBro Safari
25%
Right HereHabstrakt
25%
On & OnMADGRRL
25%
Broken (Remix)Mefjus
25%
Taking BackNick McWilliams
25%
Migraine (Remix)Nosphere
25%
Jimmytics (Remix)Ookay
25%
ConsequencesRUNN
25%
AquilaSkrybe
25%
FlexVulgatron
25%
FightJkyle & Hyde
0%
ResurrectionMicah Martin
0%

Score Distribution

Percentile by Number Answered

Percent of People with Each Score

Your Score History

You have not taken this quiz